Salud en el trabajo y seguridad industrial / (Registro nro. 12247)

Detalles MARC
000 -CABECERA
Longitud fija campo de control 00969nam a2200277 a 4500
003 - • IDENTIFICADOR DELl NÚMERO DE CONTROL
Identificador del número de control CO-ViMGA
008 - • CÓDIGOS DE INFORMACIÓN DE LONGITUD FIJA
Códigos de información de longitud fija 141112s2004 ck r 000 u spa d
020 ## - • NÚMERO INTERNACIONAL NORMALIZADO PARA LIBROS
Número Internacional Normalizado para Libros (ISBN) 9786077076698
040 ## - FUENTE DE LA CATALOGACIÓN
Centro catalogador de origen CO-ViMGA
Lengua de catalogación spa
Centro transcriptor CO-ViMGA
082 04 - • NÚMERO DE LA CLASIFICACIÓN DECIMAL DEWEY
Número de clasificación (R) 363.11 A72s
100 1# - • PUNTO DE ACCESO PRINCIPAL-NOMBRE DE PERSONA
Nombre de persona Arellano Díaz, Javier
245 10 - • TITULO PROPIAMENTE DICHO
Título Salud en el trabajo y seguridad industrial /
Mención de responsabilidad, etc. Javier Arellano Díaz, Rafael Rodríguez Cabrera
250 ## - • MENCIÓN DE EDICIÓN
Mención de edición 1a. ed.
300 ## - • DESCRIPCIÓN FÍSICA
Extensión xiii, 225 p. : fot. ; 23 cm
490 ## - • MENCIÓN DE SERIE
Mención de serie Ingeniería industrial. Seguridad industrial
500 ## - • NOTA GENERAL
Nota general Incluye índice analítico
504 ## - • NOTA DE BIBLIOGRAFÍA, ETC
Nota de bibliografía, etc. Bibliografía : p. [209] - 210
650 14 - • PUNTO DE ACCESO ADICIONAL DE MATERIA - TÉRMINO DE MATERIA
Término de materia o nombre geográfico como elemento inicial Salud ocupacional
700 1# - • PUNTO DE ACCESO ADICIONAL - NOMBRE DE PERSONA
Nombre de persona Rodríguez Cabrera, Rafael
917 ## -
-- 2013 - 5942 2 ejemplares
942 ## - ENTRADA DE ELEMENTOS AGREGADOS (KOHA)
Fuente de clasificaión o esquema Dewey Decimal Classification
Koha [por defecto] tipo de item LIbro
990 ## - EQUIVALENCIA O SECCIÓN-REFERENCIA [LOCAL, CANADA]
Enlace de información para campos 9XX 2013 - 5942 Alfaomega Colombiana S.A. 2 ejemplares 21 29/07/2013 a846718 11/07/2013 11/07/2013
Existencias
Perdido Fuente de clasificación o esquema Estado Físico No para préstamo Forma de adquisición Localización permanente Localización actual Fecha adquisición Préstamos totales Signatura completa Código de barras Fecha última consulta Fecha último préstamo Número de copia Fecha del precio de reemplazo Tipo de item de Koha Serie de enumeración / cronolog&íacute;a
  Dewey Decimal Classification     Sala Especializada Tercer Piso Biblioteca Pública Germán Arciniegas - Villavicencio Biblioteca Pública Germán Arciniegas - Villavicencio 12/05/2015 1 363.11 A73s2 29098 10/10/2019 10/02/2019 Ej. 1 12/05/2015 LIbro  
  Dewey Decimal Classification     Sala Especializada Tercer Piso Biblioteca Pública Germán Arciniegas - Villavicencio Biblioteca Pública Germán Arciniegas - Villavicencio 12/04/2015   363.11 A72s 27339 12/04/2015   Ej. 1 12/04/2015 LIbro 12/nov/2014









Instituto Departamental de Cultura del Meta - Red Departamental de Bibliotecas Públicas del Meta.